Aquatic food webs: an ecosystem approach

Saved in:
Bibliografiske detaljer
Main Authors: Belgrano, Andrea (Author), Scharler, Ursula M (Author), Dunne, Jennifer (Author), Ulanowicz, Robert E (Author)
Format: Bog
Sprog:engelsk
Udgivet: Oxford Oxford University 2005
Udgivelse:1a. ed
Fag:
Tags: Tilføj Tag
Ingen Tags, Vær først til at tagge denne postø!

MARC

LEADER 00000nam a2200000 a 4500
001 UCJ0755
003 CL-VaPUC
008 060908e20050000UK |||||||||||||||||eng|d
020 |a 0198564821 
082 0 4 |a 577.616  |b BEL  |2 21 
100 0 |a Belgrano, Andrea  |e author  |9 501080 
700 0 |a Scharler, Ursula M  |e author  |9 501081 
700 0 |a Dunne, Jennifer  |e author  |9 501082 
700 0 |a Ulanowicz, Robert E  |e author  |9 501083 
245 1 0 |a Aquatic food webs: an ecosystem approach 
250 |a 1a. ed 
300 |a 262 p 
942 |c BK 
945 |d 20060908 00:00:00  |a cmena 
260 |a Oxford  |b Oxford University  |c 2005 
650 0 |a Ecología acuática  |9 261395 
650 0 |a Ecología marina   |9 259946 
650 0 |a Estadística matemática  |9 260028 
650 0 |a Biodiversidad   |9 385995 
583 |a last modification  |c 20140408 11:30:34  |k Rodrigo Vera 
999 |c 317510  |d 317508 
952 |0 0  |1 0  |4 0  |6 577_616000000000000_BEL_2005  |7 0  |8 A  |9 393953  |a BIBMAT  |b BIBMAT  |d 2019-11-22  |i 427587K  |o 577.616 BEL 2005  |p 427587K  |r 2025-01-07  |w 2019-11-22  |y BK  |k MAT